00848aas a2200181   4500003000900000005001700009007000300026008003400029035001300063040002800076042001400104044000700118245005500125260009200180270007000272310001400342505031000356BR-BrBNA20230317233541.0ta230119b bl ||||| |||| 00| 0 por d  a000485-5  aBR-BrBNAbPorcBR-BrBNA  a093206-X   abl  aCoopercitrus - Informativo Agropecuário (Brazil)  aSão Paulo-SPbCooperativa dos Cafeicultores e Citricultores de São Pauloc1996eBSP  aPraça Barão do Rio Branco, 9 - Bebedouro -Tel - (017)344 3000  airregular  a1996 11(121); 1997 11(123-124,126-132); 1998 12(135-140,142-143); 1999 13(149,153,155,157); 2000 14(159,164,167-168); 2001 15(171-172,174,180-182); 2002 16(183-187,189,191-193,195); 2003 17(196-202,204-206); 2004 18-19(208,210-212,215-216,218); 2009 23(270-278); 2010 23(279-289); 2011 (290-294,296-299); 